000 00471cas a2200157 a 4500
040 _cGUA
082 _a366 LNS 1989 A067 Or.
245 0 0 _aIRRI research highlights /
246 3 _aInternational Rice Research Institute research highlights
246 1 7 _aIRRI highlights
260 _aLos Ba©łos, Laguna, Philippines :
_bThe Institute,
_c1989
300 _av. :
_bcol. ill. ;
_c23 cm
650 0 _aRice
710 2 _aInternational Rice Research Institute
942 _cEK
999 _c14321
_d14321